000 01051nam a22003017a 4500
999 _c46656
_d46656
001 20305
003 CO-MdFUSB
005 20190202100330.0
008 160919t1993 xxu||||f |||| 00| 0 eng d
020 _a0-19-507588-9
040 _aCO-MdFUSB
_bEspañol
_cCO-MdFUSB
_dCO-MdFUSB
_erda
041 _aeng
082 _224
_a226.5
_bB864q
100 1 _aBrodie, Thomas L.
_eautor
245 1 4 _aThe quest for the origin of John's gospel
_b: A source-oriented approach
_c / Thomas L. Brodie
264 4 _aNew York :
_bOxford University Press,
_c©1993
300 _a194 páginas
336 _2rdacontent
_atexto
_btxt
337 _2rdamedia
_asin mediación
_bn
338 _2rdacarrier
_avolumen
_bnc
501 _aRústico
505 0 0 _aLa búsqueda incierta - Hacia el establecimiento de una guía parcial a la historia: La composición de Juan - La búsqueda se reanuda: Primeras conclusiones
650 0 _aBiblia
_916
653 _aBible -- N.T. -- John
653 _aBiblia -- N.T. -- Juan
942 _cBK